Statistiques concernant Quizz champions de France de rugby

Cliquez ici pour prendre le quiz!

Statistiques générales

  • Ce quiz a été pris 67 fois
  • Le résultat moyen est 14 sur 27

Statistiques - réponses

Nombre de titres Dernier Titre réponse % Correct
202019Stade Toulousain
100%
42014RC Toulon
98%
22018ASM Clermont-Auvergne
95%
142015Stade Français
95%
52006Biarritz Olympique
81%
52018Castres Olympique
81%
72009USA Perpignan
78%
31943Aviron Bayonnais
75%
81988SU Agen
71%
71911Stade Bordelais
66%
31964Section Paloise
66%
111984AS Béziers
61%
21979RC Narbonne
54%
11967US Montauban
49%
21991CA Bègles
49%
62016Racing 92
49%
11954FC Grenoble
46%
11963Stade Montois
46%
81968FC Lourdes
41%
21973Stadoceste Tarbais
34%
11970La Voulte Sportif
31%
11951US Carmaux
14%
21933Lyon OU
12%
11937CS Vienne
8%
11929US Quillan
8%
11896Olympique Paris
5%
11910FC Lyon
2%

Distribution des résultats

Percentile by Number Answered

% des personnes avec chaque résultat

Votre développement - résultats

Vous n’avez pas pris ce quiz